000 00382 a2200145 4500
001 169282
020 _a
040 _cMagnum
100 _aAgencia Regional de Noticias
240 1 0 _aClipping em educacao - 13/12/99 a 19/12/99 - ano i - nº 18
_lpor
245 1 0 _aClipping em educacao - 13/12/99 a 19/12/99 - ano i - nº 18
362 0 _a1899
697 _aENSINO
942 _cBK
999 _c169282
_d169282